| 000 | 01102nam a2200301 i 4500 | ||
|---|---|---|---|
| 001 | 13389 | ||
| 003 | ES-MaACL | ||
| 005 | 20251001154921.0 | ||
| 007 | t| | ||
| 008 | 971014m19951996sp ||||0| spa j | ||
| 020 | _a84-7658-479-2 | ||
| 040 |
_aM-BN _bspa _cM-BN |
||
| 080 | _a338.1(100-773) | ||
| 080 | _a32(100-773) | ||
| 245 | 0 | 3 |
_aLa nueva organización capitalista mundial vista desde el sur / _cSamir Amin, Pablo González Casanova (dirs.). |
| 250 | _a1ª ed. | ||
| 260 |
_aBarcelona : _bAnthropos, _c1995-1996. |
||
| 300 |
_a2 v. ; _c20 cm. |
||
| 490 | 1 |
_aAutores, textos y temas. Ciencias sociales ; _v7-8 |
|
| 505 | 8 | _a1. Mundialización y acumulación 2. El estado y la política en el sur del mundo | |
| 651 | 4 |
_aPaíses en desarrollo- _xSituación económica. _99186 |
|
| 651 | 4 |
_aPaíses en desarrollo- _xPolítica y gobierno. _99183 |
|
| 700 | 1 |
_aAmin, Samir. _921256 |
|
| 700 | 1 |
_aGonzález Casanova, Pablo, _d1922- _958497 |
|
| 830 | 0 |
_aAutores, textos y temas. Ciencias sociales ; _v7-8 _9178372 |
|
| 852 |
_aES-MaACL _jL-20752-53 _bR.125045 |
||
| 999 |
_c13389 _d13389 |
||